Normal view
MARC view
Entry Personal Name
001 - CONTROL NUMBER
- control field: 85752
003 - CONTROL NUMBER IDENTIFIER
- control field: dpl
005 - DATE AND TIME OF LATEST TRANSACTION
- control field: 20251125122011.0
008 - FIXED-LENGTH DATA ELEMENTS
- fixed length control field: 251125|| aca||aabn | a|a d
040 ## - CATALOGING SOURCE
- Original cataloging agency: dpl
- Transcribing agency: dpl
100 ## - HEADING--PERSONAL NAME
- Personal name: सिंह, रमेश
670 ## - SOURCE DATA FOUND
- Source citation: Work cat.: (dpl)212708: सिंह, रमेश , भारतीय अर्थव्यवस्था /
